000
00314nam a22001337a 4500
003
OSt
005
20160727222409.0
008
160624b xxu||||| |||| 00| 0 eng d
100
_9
931
_a
Eyerly, F
245
_a
The Girls Inside
260
_a
N.Y
_b
J.B. Hippncott
_c
1968
300
_a
The Girls Inside
942
_2
ddc
_c
BK
999
_c
742
_d
742